000 00353nam a2200157Ia 4500
003 Ost
005 20260225132538.0
008 260225s9999||||xx |||||||||||||| ||und||
040 _cfsic
041 _afre
082 _a355
100 _aThomas schelling
_eAuteur
245 0 _aStratégie du conflit /
245 0 _cThomas schelling
942 _cكتاب
999 _c33349
_d33349